Court-managed civil procedure of the high court of Namibia (Record no. 3)
[ view plain ]
| 000 -LEADER | |
|---|---|
| fixed length control field | 00782nam a22002537a 4500 |
| 005 - DATE AND TIME OF INPUT | |
| control field | 20240813105923.0 |
| 008 - DATA ELEMENTS--GENERAL INFORMATION | |
| fixed length control field | 230818b |||||||| |||| 00| 0 eng d RUSSEL |
| 020 ## - INTERNATIONAL STANDARD BOOK NUMBER | |
| International Standard Book Number | 1485135885 |
| 020 ## - INTERNATIONAL STANDARD BOOK NUMBER | |
| International Standard Book Number | 9781485135883 |
| 041 ## - LANGUAGE CODE | |
| Language code of text | English |
| 044 ## - COUNTRY OF PUBLICATION | |
| country code | South Africa |
| 082 ## - SHELF NUMBER | |
| DDC number | 347.1 DAM |
| 100 ## - MAIN AUTHOR | |
| Main author's name | Damaseb, T. Petrus |
| Language of a work | English |
| 245 ## - TITLE STATEMENT | |
| Title | Court-managed civil procedure of the high court of Namibia |
| Sub-title | law, procedure and practice / |
| Statement of responsibility, etc. | Petrus T. Damaseb |
| 250 ## - EDITION STATEMENT | |
| Edition statement | First edition |
| 260 ## - PUBLICATION, DISTRIBUTION, ETC. | |
| Place of publication, distribution, etc. | Cape Town : |
| Name of publisher, distributor, etc. | Juta and Company (pty) Ltd, |
| Date of publication, distribution, etc. | 2020 |
| 300 ## - PHYSICAL DESCRIPTION | |
| Other physical details | li, 435 pages, |
| Dimensions | 24.3 cm |
| 500 ## - GENERAL NOTE | |
| General note | Includes index |
| 650 ## - SUBJECT` | |
| Broad subject | Civil Procedure |
| 650 ## - SUBJECT` | |
| Broad subject | The high court of Namibia |
| 650 ## - SUBJECT` | |
| Broad subject | Namibian Law |
| 650 ## - SUBJECT` | |
| Broad subject | Court management |
| 942 ## - ADDED ENTRY ELEMENTS (KOHA) | |
| Item type | Books |
| 942 ## - ADDED ENTRY ELEMENTS (KOHA) | |
| -- | EMILLIE |
| Source of classification or shelving scheme | Not for loan | Collection code | Home library | Current library | Shelving location | Date acquired | Full call number | Barcode | Koha item type | Price effective from |
|---|---|---|---|---|---|---|---|---|---|---|
| Dewey Decimal Classification | TEXT BOOKS | LAW SOCIETY OF NAMIBIA LIBRARY - WINDHOEK | LAW SOCIETY OF NAMIBIA LIBRARY - WINDHOEK | Civil Procedure and Court | 08/18/2023 | 347.1 DAM | LSN/2020/9 | Books | ||
| Dewey Decimal Classification | TEXT BOOKS | LAW SOCIETY OF NAMIBIA LIBRARY - WINDHOEK | LAW SOCIETY OF NAMIBIA LIBRARY - WINDHOEK | Civil Procedure and Court | 08/18/2023 | 347.1 DAM | LSN/2020/10 | Books | ||
| Dewey Decimal Classification | TEXT BOOKS | LAW SOCIETY OF NAMIBIA LIBRARY - WINDHOEK | LAW SOCIETY OF NAMIBIA LIBRARY - WINDHOEK | Civil Procedure and Court | 12/05/2024 | 347.1 DAM | LSN/2024/147 | Books | 12/05/2024 | |
| Dewey Decimal Classification | TEXT BOOKS | LAW SOCIETY OF NAMIBIA LIBRARY - WINDHOEK | LAW SOCIETY OF NAMIBIA LIBRARY - WINDHOEK | Civil Procedure and Court | 12/12/2024 | 347.1 DAM | LSN/2020/8 | Books | 12/12/2024 |
